000
00295nam a22001217a 4500
008
160520b xxu||||| |||| 00| 0 eng d
020
_a
9780781777766
020
_a
0781777763
041
_a
eng
080
_a
618.2
245
_a
Maternal child health nursing:
_c
Adele Pillitteri;
942
_2
udc
_c
BK
999
_c
2326
_d
2326